01636nam a2200277 a 4500001000200000003000900002005001700011008003900028020001800067040002500085082002900110100004200139245015200181250002500333260003700358300003500395490002500430500003400455504007300489505058200562651003701144651002201181651006101203651006201264700003201326 DO-SdBNP20220923112911.0090716s2017 dr ab 000 0 spa d a9789945004410 aDO-SdBNPbspacBPMSU a972.93 bG984h, 20172221 aGutiérrez Félix, Euclides,d1936-10aHaití y la República Dominicana. Un origen y dos destinos :bensayos históricos /cEuclides Gutiérrez Félix ; prólogo Manuel Núñez. a3a. ed corr. y ampl. aSanto Domingo :bCorripio,c2017 a506 p. :bil. , mapa ;c23 cm.0 aEnsayos históricos aIncluye índice onomástico aIncluye referencias bibliográficas y notas al pie de las páginas0 a LOS PUEBLOS Y SU HISTORIA -- La batalla de La Limonade -- Ryswick, Aranjuez y Basilea --Toussaint Louverture y la unificación política de Santo Domingo --La independencia de Haití --1801: Toussaint en Santo Domingo --Dessalines --Tres monarquías en la isla de Santo Domingo --Antecedentes de la invasión haitiana --La ocupación haitiana, 1822-1844 --Las batallas de marzo de 1844 --Las batallas de Azua y Santiago --Abril en la historia dominicana --La batalla de Santomé --Batalla de Sabana Larga --Haití: imágenes del terremoto de 2010 CRONICA DEL PRESENTE 4aRepública DominicanaxHistoria 4aHaitíxHistoria 4aRepública DominicanaxRelaciones exteriores zHaití  4aHaití xRelaciones exteriores zRepública Dominicana 12aNúñez, Manuel,epról.